[Event "61st ch-RUS HL"]
[Site "Novokuznetsk RUS"]
[Date "2008.09.04"]
[Round "2"]
[White "Chuprov, D."]
[Black "Kobalia, M."]
[Result "1/2-1/2"]
[WhiteElo "2577"]
[BlackElo "2618"]
[PlyCount "113"]
[EventDate "2008.09.03"]

1. e4 e5 2. Nf3 Nc6 3. Bb5 Nf6 4. O-O Nxe4 5. d4 Nd6 6. Bxc6 dxc6 7. dxe5 Nf5
8. Qxd8+ Kxd8 9. Nc3 Ne7 10. h3 h6 11. b3 Ng6 12. Bb2 Bd7 13. Rad1 Kc8 14. Rd2
Be7 15. Rfd1 Rd8 16. Ne2 Nf8 17. Ng3 Ne6 18. Nd4 Nxd4 19. Bxd4 Be6 20. f4 g6
21. Be3 Rxd2 22. Rxd2 a5 23. f5 gxf5 24. Bxh6 a4 25. Nh5 axb3 26. axb3 c5 27.
Kh2 c4 28. bxc4 Ra4 29. Nf4 Rxc4 30. g3 Bb4 31. Rg2 Bd7 32. Nd3 Be7 33. Bg7 Bc6
34. Rf2 Be4 35. h4 Bc5 36. Rd2 f4 37. gxf4 Be3 38. Re2 Bxd3 39. cxd3 Bxf4+ 40.
Kh3 Rd4 41. e6 Rxd3+ 42. Kg4 Bd6 43. Rg2 fxe6 44. h5 Rd1 45. h6 Rh1 46. Kg5 Kd7
47. Kg6 e5 48. h7 Rxh7 49. Kxh7 b5 50. Kg6 Ke6 51. Kg5 Kd5 52. Kf5 b4 53. Bh6
b3 54. Bc1 Bc5 55. Rg7 Bd4 56. Rxc7 b2 57. Bxb2 1/2-1/2

[Event "61st ch-RUS HL"]
[Site "Novokuznetsk RUS"]
[Date "2008.09.04"]
[Round "2"]
[White "Riazantsev, A."]
[Black "Sjugirov, S."]
[Result "1/2-1/2"]
[WhiteElo "2617"]
[BlackElo "2545"]
[PlyCount "65"]
[EventDate "2008.09.03"]

1. d4 d5 2. c4 e6 3. Nf3 Nf6 4. cxd5 exd5 5. Nc3 c6 6. Qc2 g6 7. Bg5 Be7 8. e4
dxe4 9. Bxf6 Bxf6 10. Qxe4+ Qe7 11. Bc4 Bf5 12. Qxe7+ Kxe7 13. O-O-O Rd8 14.
Rhe1+ Kf8 15. h3 h5 16. Ne2 Be4 17. Ne5 Bd5 18. Bxd5 cxd5 19. Kd2 Nd7 20. f4
Be7 21. Rc1 Bb4+ 22. Nc3 Nf6 23. Kd3 Rac8 24. Rc2 Ne4 25. Rec1 Bxc3 26. bxc3
Nd6 27. Re1 Kg7 28. Nf3 Rc7 29. Nd2 f6 30. Nf1 Nc4 31. Ne3 Kf7 32. Nxc4 Rxc4
33. Rb2 1/2-1/2

[Event "61st ch-RUS HL"]
[Site "Novokuznetsk RUS"]
[Date "2008.09.04"]
[Round "2"]
[White "Najer, E."]
[Black "Yakovich, Yur"]
[Result "1-0"]
[WhiteElo "2670"]
[BlackElo "2566"]
[PlyCount "94"]
[EventDate "2008.09.03"]

1. e4 c5 2. Nf3 Nc6 3. d4 cxd4 4. Nxd4 Nf6 5. Nc3 e5 6. Ndb5 d6 7. Bg5 a6 8.
Na3 b5 9. Bxf6 gxf6 10. Nd5 Bg7 11. Bd3 Ne7 12. Nxe7 Qxe7 13. O-O O-O 14. c4 f5
15. Qh5 Rb8 16. exf5 e4 17. Rae1 Bb7 18. Qg4 Rfe8 19. cxb5 d5 20. bxa6 Bc6 21.
Be2 Rxb2 22. Rc1 h5 23. Qxh5 Ba4 24. f6 Bxf6 25. Qxd5 Rxe2 26. Qc4 Qxa3 27.
Qxe2 Qd3 28. Qg4+ Kf8 29. a7 Bd4 30. Qf5 Bxa7 31. Rc7 Re7 32. Qc8+ Be8 33. Rxe7
Kxe7 34. Qb7+ Qd7 35. Qxe4+ Kf8 36. Re1 Bc5 37. h4 f6 38. Qa8 Bb4 39. Re4 Kf7
40. Qa6 Bd6 41. Qc4+ Kf8 42. Qd4 Qd8 43. g3 Bf7 44. Qd2 Qd7 45. Qh6+ Kg8 46.
Qxf6 Bf8 47. Rd4 Qc8 1-0

[Event "61st ch-RUS HL"]
[Site "Novokuznetsk RUS"]
[Date "2008.09.04"]
[Round "2"]
[White "Tregubov, P."]
[Black "Vorobiov, E."]
[Result "1/2-1/2"]
[WhiteElo "2658"]
[BlackElo "2550"]
[PlyCount "111"]
[EventDate "2008.09.03"]

1. d4 d5 2. Nf3 Nf6 3. c4 dxc4 4. e3 e6 5. Bxc4 c5 6. O-O a6 7. Bb3 Nc6 8. Nc3
cxd4 9. exd4 Be7 10. Re1 O-O 11. Bg5 b5 12. Qd2 Na5 13. Bc2 Bb7 14. Ne5 Rc8 15.
Rad1 Nd7 16. Bxe7 Qxe7 17. Nxd7 Qxd7 18. Ne4 Bxe4 19. Bxe4 Nc4 20. Qe2 Nb6 21.
h4 Nd5 22. Rc1 Nf6 23. Qe3 Rxc1 24. Rxc1 Nxe4 25. Qxe4 h6 26. Rc6 Rd8 27. Rxa6
Qxd4 28. Qxd4 Rxd4 29. Rb6 b4 30. h5 Rd1+ 31. Kh2 Ra1 32. Rxb4 Rxa2 33. Rb8+
Kh7 34. Rb7 Ra5 35. g4 f5 36. f3 Kg8 37. Kg3 fxg4 38. fxg4 Rd5 39. b4 Rd3+ 40.
Kf4 Rd4+ 41. Kf3 e5 42. b5 Rf4+ 43. Ke3 Rxg4 44. Re7 Rb4 45. Rxe5 g6 46. Kd3
gxh5 47. Kc3 Rb1 48. Kc4 Kf7 49. Rxh5 Kg6 50. Rh3 h5 51. Kc5 Kg5 52. b6 h4 53.
Kc6 Kg4 54. Rxh4+ Kxh4 55. b7 Rxb7 56. Kxb7 1/2-1/2

[Event "61st ch-RUS HL"]
[Site "Novokuznetsk RUS"]
[Date "2008.09.04"]
[Round "2"]
[White "Timofeev, Arty"]
[Black "Smikovski, I."]
[Result "1-0"]
[WhiteElo "2650"]
[BlackElo "2554"]
[PlyCount "71"]
[EventDate "2008.09.03"]

1. d4 Nf6 2. c4 g6 3. Nc3 d5 4. Bf4 Bg7 5. e3 O-O 6. Rc1 c5 7. dxc5 Be6 8. Nf3
Nc6 9. Ng5 Bg4 10. f3 e5 11. cxd5 exf4 12. dxc6 Qe7 13. fxg4 Qxe3+ 14. Be2 Nxg4
15. Nh3 Rad8 16. Qc2 Rfe8 17. Nd1 Rxd1+ 18. Rxd1 f3 19. Rd3 f2+ 20. Kf1 bxc6
21. Qd2 Qxc5 22. g3 Bh6 23. Nf4 Qe5 24. h3 Nf6 25. Rd8 Rxd8 26. Qxd8+ Kg7 27.
Qd3 Ne4 28. Kg2 Bxf4 29. gxf4 Qxf4 30. Qf3 Qg5+ 31. Qg4 Qe3 32. h4 h5 33. Qf3
Qd4 34. Rd1 Qe5 35. Qe3 Qf5 36. Bf3 1-0

[Event "61st ch-RUS HL"]
[Site "Novokuznetsk RUS"]
[Date "2008.09.04"]
[Round "2"]
[White "Rychagov, A."]
[Black "Volkov, Sergey1"]
[Result "0-1"]
[WhiteElo "2549"]
[BlackElo "2636"]
[PlyCount "60"]
[EventDate "2008.09.03"]

1. d4 d5 2. c4 c6 3. Nf3 Nf6 4. Nc3 a6 5. e3 b5 6. c5 g6 7. Bd3 Bg7 8. b4 a5 9.
bxa5 Nfd7 10. Bd2 e5 11. Bc2 O-O 12. O-O Re8 13. Rb1 b4 14. Rxb4 Ba6 15. Ne2
exd4 16. Nfxd4 Nxc5 17. Re1 Nd3 18. Bxd3 Bxd3 19. Qc1 c5 20. Qxc5 Na6 21. Qc3
Bxe2 22. Rxe2 Rc8 23. Qb2 Nxb4 24. Bxb4 Qh4 25. g3 Qe4 26. Rd2 h5 27. h4 Be5
28. a6 Ra8 29. Qa3 Rec8 30. a7 Rxa7 0-1

[Event "61st ch-RUS HL"]
[Site "Novokuznetsk RUS"]
[Date "2008.09.04"]
[Round "2"]
[White "Potkin, V."]
[Black "Pokazanjev, N."]
[Result "1/2-1/2"]
[WhiteElo "2629"]
[BlackElo "2442"]
[PlyCount "145"]
[EventDate "2008.09.03"]

1. d4 Nf6 2. c4 g6 3. Nc3 Bg7 4. e4 d6 5. Nf3 O-O 6. h3 e5 7. d5 a5 8. Bg5 Qe8
9. Be2 Na6 10. Nd2 Kh8 11. a3 Ng8 12. b4 f5 13. c5 dxc5 14. bxa5 Bf6 15. Bxf6+
Nxf6 16. Nc4 Qe7 17. O-O fxe4 18. Qb3 Nb8 19. Rad1 Nbd7 20. Rfe1 e3 21. Nxe3
Rxa5 22. Nc4 Ra8 23. Bf3 Ne8 24. Nb5 Qf6 25. Re3 Rb8 26. a4 Nd6 27. Rde1 Nf5
28. Nxc7 Nxe3 29. Qxe3 b6 30. Bg4 Rb7 31. d6 Qf4 32. Qe2 Nf6 33. Bxc8 Rxc8 34.
Nxe5 Rbxc7 35. dxc7 Rxc7 36. Qb5 Qb4 37. Rb1 Qxb5 38. Rxb5 Nd5 39. Nc4 Rc6 40.
a5 bxa5 41. Nxa5 Rc7 42. Nb7 Nc3 43. Rxc5 Ne2+ 44. Kf1 Ng3+ 45. fxg3 Rxb7 46.
Kf2 Kg7 47. Re5 Rb2+ 48. Kf3 Rb3+ 49. Re3 Rb7 50. g4 Ra7 51. g5 Rb7 52. g3 Rf7+
53. Kg4 Rb7 54. h4 Ra7 55. Re4 Rb7 56. Kf3 Ra7 57. g4 Ra3+ 58. Re3 Ra7 59. Kg3
Rb7 60. Kf4 Ra7 61. h5 Ra4+ 62. Kg3 gxh5 63. gxh5 Ra5 64. Kg4 Ra4+ 65. Kf5 Ra5+
66. Re5 Rxe5+ 67. Kxe5 Kf7 68. Kd6 Kf8 69. Ke6 Kg7 70. Ke7 Kg8 71. Ke8 Kg7 72.
h6+ Kh8 73. Kf8 1/2-1/2

[Event "61st ch-RUS HL"]
[Site "Novokuznetsk RUS"]
[Date "2008.09.04"]
[Round "2"]
[White "Kokarev, Dm"]
[Black "Kravtsov, S."]
[Result "1/2-1/2"]
[WhiteElo "2582"]
[BlackElo "2404"]
[PlyCount "106"]
[EventDate "2008.09.03"]

1. e4 c6 2. d4 d5 3. Nc3 dxe4 4. Nxe4 Nd7 5. Ng5 Ngf6 6. Bd3 e6 7. N1f3 Bd6 8.
Qe2 h6 9. Ne4 Nxe4 10. Qxe4 Nf6 11. Qe2 Qc7 12. Bd2 b6 13. O-O-O Bb7 14. Ne5
O-O-O 15. f4 Rhe8 16. Rhf1 c5 17. dxc5 Bxc5 18. g4 Bd4 19. Kb1 Re7 20. Bb4 Nd5
21. Bd2 Nf6 22. Bc1 Nd5 23. Ba6 Bxe5 24. fxe5 Red7 25. Bb5 Bc6 26. Bxc6 Qxc6
27. Rf3 Kb7 28. Rdf1 Rf8 29. h3 Rc7 30. R1f2 Kb8 31. a3 Rd7 32. Qf1 Rc8 33. c3
Qa4 34. Qe2 Rcc7 35. Qc2 Qxc2+ 36. Kxc2 b5 37. Rf1 Kb7 38. Kb3 Nb6 39. Re1 a6
40. Kc2 Nd5 41. Re2 a5 42. Bd2 a4 43. Be1 Nb6 44. Bf2 Nc4 45. Rd3 Rxd3 46. Kxd3
Kc6 47. Ke4 Rd7 48. Bd4 Kc7 49. Rf2 Kd8 50. Re2 Ke8 51. Rf2 Kd8 52. Re2 Ke8 53.
Rf2 Kd8 1/2-1/2

[Event "61st ch-RUS HL"]
[Site "Novokuznetsk RUS"]
[Date "2008.09.04"]
[Round "2"]
[White "Galkin, A."]
[Black "Skorchenko, D."]
[Result "1/2-1/2"]
[WhiteElo "2615"]
[BlackElo "2511"]
[PlyCount "81"]
[EventDate "2008.09.03"]

1. c4 c5 2. Nf3 g6 3. d4 cxd4 4. Nxd4 Nf6 5. Nc3 Nc6 6. e4 d6 7. Be2 Nxd4 8.
Qxd4 Bg7 9. Be3 O-O 10. Qd2 Be6 11. Rc1 Qa5 12. f3 Rfc8 13. b3 a6 14. Na4 Qxd2+
15. Kxd2 Nd7 16. g4 f5 17. exf5 gxf5 18. h3 Rf8 19. f4 Rad8 20. Rhg1 d5 21.
gxf5 Bxf5 22. cxd5 Nf6 23. Nb6 Nxd5 24. Bc4 e6 25. Bxd5 exd5 26. Bd4 Bg6 27.
Bxg7 Kxg7 28. Rc7+ Rf7 29. Rxf7+ Kxf7 30. Rg5 Rd6 31. Na4 d4 32. Nc5 Rf6 33.
Nd3 Bxd3 34. Kxd3 Rxf4 35. Rc5 Rh4 36. Rc7+ Ke6 37. Rxb7 Kd5 38. Rd7+ Kc5 39.
Rc7+ Kd5 40. Rd7+ Kc5 41. Rc7+ 1/2-1/2

[Event "61st ch-RUS HL"]
[Site "Novokuznetsk RUS"]
[Date "2008.09.04"]
[Round "2"]
[White "Shomoev, A."]
[Black "Iskusnyh, S."]
[Result "1-0"]
[WhiteElo "2566"]
[BlackElo "2499"]
[PlyCount "71"]
[EventDate "2008.09.03"]

1. d4 Nf6 2. c4 c5 3. d5 d6 4. Nc3 g6 5. e4 Bg7 6. Bd3 O-O 7. Nge2 e6 8. O-O
Ng4 9. f4 exd5 10. Nxd5 Nc6 11. h3 Nf6 12. Ndc3 Re8 13. Be3 Nb4 14. Bf2 b6 15.
Bh4 Bb7 16. Ng3 Qe7 17. a3 Nxd3 18. Qxd3 a6 19. Rae1 Qc7 20. Kh1 Bc6 21. Re2
Qb7 22. a4 Rab8 23. Rd1 Re6 24. f5 gxf5 25. Nxf5 Nxe4 26. Nd5 Rbe8 27. Rxe4
Rxe4 28. Qg3 f6 29. Nxd6 Bxd5 30. Nxb7 Bxb7 31. Bxf6 R4e7 32. Bxe7 Rxe7 33.
Qb8+ Kf7 34. Rf1+ Bf6 35. Qd6 Re6 36. Qc7+ 1-0

[Event "61st ch-RUS HL"]
[Site "Novokuznetsk RUS"]
[Date "2008.09.04"]
[Round "2"]
[White "Kiriakov, P."]
[Black "Chuprikov, D."]
[Result "1-0"]
[WhiteElo "2553"]
[BlackElo "2450"]
[PlyCount "169"]
[EventDate "2008.09.03"]

1. d4 d5 2. c4 c6 3. Nf3 Nf6 4. e3 Bg4 5. h3 Bxf3 6. Qxf3 e6 7. Bd3 Bb4+ 8. Nd2
Nbd7 9. a3 Ba5 10. Qe2 O-O 11. O-O e5 12. cxd5 cxd5 13. dxe5 Nxe5 14. Rd1 Qe7
15. b4 Bb6 16. Bb2 Rfd8 17. Nf3 Nc6 18. Rac1 Ne4 19. Bb1 Rd6 20. Ba2 Rad8 21.
Rd3 Ng5 22. b5 Nxf3+ 23. Qxf3 Ne5 24. Qg3 d4 25. Bxd4 Rg6 26. Qxe5 Qxe5 27.
Bxe5 Rxd3 28. Bb1 Rd8 29. Bxg6 hxg6 30. a4 f6 31. Bc3 Rc8 32. Bd2 Rd8 33. Bb4
Rd5 34. Kf1 Kf7 35. Ke2 g5 36. Rd1 Rxd1 37. Kxd1 a6 38. bxa6 bxa6 39. Ke2 Ke6
40. Kd3 g6 41. g4 Bd8 42. Kd4 Bc7 43. Kc5 Bd6+ 44. Kc4 Bc7 45. Bc3 Bd6 46. Bd4
Be7 47. Bc5 Bd8 48. Bf8 Bb6 49. Bc5 Bc7 50. Bd4 Bd6 51. f3 Be7 52. e4 Bd6 53.
Bc5 Bc7 54. Kb4 Bd8 55. Be3 Kd6 56. Bd4 Kc6 57. Bc5 Kd7 58. Bf2 Kd6 59. Kc4 Kc6
60. Bg3 Be7 61. h4 gxh4 62. Bxh4 Kd6 63. Kd4 g5 64. Bg3+ Ke6 65. Bc7 Kd7 66.
Bb8 Ke6 67. Ba7 Bd6 68. Kc4 Bg3 69. Bb6 Kd6 70. Bd4 Be5 71. Bc3 Kc6 72. Bb4 Bf4
73. Bf8 Be5 74. Kb4 Bc7 75. Kc4 Be5 76. Bc5 Bf4 77. Be7 Be5 78. Bf8 Bf4 79. Bg7
Be5 80. f4 gxf4 81. g5 Kd7 82. Bxf6 Bc7 83. g6 Ke6 84. e5 f3 85. g7 1-0

[Event "61st ch-RUS HL"]
[Site "Novokuznetsk RUS"]
[Date "2008.09.04"]
[Round "2"]
[White "Garakov, M."]
[Black "Rustemov, A."]
[Result "1-0"]
[WhiteElo "2439"]
[BlackElo "2547"]
[PlyCount "45"]
[EventDate "2008.09.03"]

1. e4 e6 2. d4 d5 3. Nc3 Bb4 4. e5 c5 5. a3 Bxc3+ 6. bxc3 Ne7 7. Qg4 O-O 8. Bd3
f5 9. Qh3 Qa5 10. Bd2 Qa4 11. Nf3 Nbc6 12. Rg1 cxd4 13. g4 dxc3 14. Bxc3 Bd7
15. gxf5 Nxf5 16. Rg4 d4 17. Bd2 Nce7 18. Nxd4 h5 19. Nxf5 Qxg4 20. Nxe7+ Kf7
21. Qxg4 hxg4 22. Bg6+ Kxe7 23. Bb4+ 1-0

[Event "61st ch-RUS HL"]
[Site "Novokuznetsk RUS"]
[Date "2008.09.04"]
[Round "2"]
[White "Maslak, K."]
[Black "Kosov, Iv"]
[Result "1-0"]
[WhiteElo "2521"]
[BlackElo "2405"]
[PlyCount "79"]
[EventDate "2008.09.03"]

1. d4 d5 2. c4 e6 3. Nc3 c6 4. e4 dxe4 5. Nxe4 Bb4+ 6. Bd2 Qxd4 7. Bxb4 Qxe4+
8. Be2 Na6 9. Ba5 f6 10. Nf3 b6 11. Nd2 Qf4 12. Bh5+ Ke7 13. Bc3 Nh6 14. g3 Qf5
15. Bf3 Rd8 16. b4 Bb7 17. O-O Rab8 18. Be4 Qg4 19. f3 Qh5 20. Qa4 Qe8 21. Rfe1
Kf7 22. Re2 Ra8 23. Rae1 Nc7 24. g4 g6 25. Qb3 Qd7 26. Bb2 Ng8 27. f4 Rf8 28.
Qh3 Kg7 29. Bg2 Rab8 30. g5 c5 31. Bxb7 Rxb7 32. Ne4 Ne8 33. Rd2 Qc8 34. b5 Re7
35. Qh4 e5 36. gxf6+ Ngxf6 37. Bxe5 Qb7 38. Rd8 Re6 39. Rxe8 Rfxe8 40. Nxf6 1-0

[Event "61st ch-RUS HL"]
[Site "Novokuznetsk RUS"]
[Date "2008.09.05"]
[Round "3"]
[White "Vitiugov, N."]
[Black "Lastin, A."]
[Result "1/2-1/2"]
[WhiteElo "2616"]
[BlackElo "2639"]
[PlyCount "87"]
[EventDate "2008.09.03"]

1. d4 d5 2. c4 c6 3. Nf3 Nf6 4. Qb3 dxc4 5. Qxc4 Bg4 6. Nc3 Nbd7 7. e4 Bxf3 8.
gxf3 e5 9. dxe5 Nxe5 10. Qe2 Bc5 11. Bd2 Qe7 12. f4 Ned7 13. O-O-O O-O-O 14. e5
Nd5 15. Nxd5 cxd5 16. Be3 Bxe3+ 17. Qxe3 Nb6 18. Kb1 Kb8 19. Qd4 Rc8 20. Bd3 g6
21. Rc1 Qe6 22. Rhd1 Rxc1+ 23. Rxc1 Rc8 24. Rc5 Qg4 25. Rxc8+ Nxc8 26. a3 Ne7
27. Bc2 a6 28. Qc5 Qe6 29. Bb3 f6 30. Qd6+ Qxd6 31. exd6 Nf5 32. d7 Kc7 33.
Bxd5 b6 34. Kc2 Kxd7 35. Kd3 Kd6 36. Bc4 a5 37. Bg8 h6 38. Bf7 Ne7 39. Kd4 Nf5+
40. Ke4 Nh4 41. Kd4 Nf5+ 42. Ke4 Nh4 43. Kd4 Nf5+ 44. Ke4 1/2-1/2

[Event "61st ch-RUS HL"]
[Site "Novokuznetsk RUS"]
[Date "2008.09.05"]
[Round "3"]
[White "Volkov, Sergey1"]
[Black "Lysyj, I."]
[Result "1-0"]
[WhiteElo "2636"]
[BlackElo "2596"]
[PlyCount "53"]
[EventDate "2008.09.03"]

1. d4 e6 2. c4 Nf6 3. Nc3 Bb4 4. f3 c5 5. d5 O-O 6. e4 d6 7. Nge2 exd5 8. cxd5
b5 9. Bd2 a6 10. a4 bxa4 11. Nxa4 a5 12. Ng3 Nbd7 13. Be2 Ne5 14. O-O Re8 15.
b3 Rb8 16. Bg5 h6 17. Be3 Bd7 18. Qc1 Qc7 19. Nb2 Ra8 20. h3 Ng6 21. Ra2 Qb8
22. Nc4 Ne5 23. Bxh6 gxh6 24. Qxh6 Qd8 25. Ne3 Nh7 26. f4 Bc3 27. Nh5 1-0

[Event "61st ch-RUS HL"]
[Site "Novokuznetsk RUS"]
[Date "2008.09.05"]
[Round "3"]
[White "Ovetchkin, R."]
[Black "Tregubov, P."]
[Result "0-1"]
[WhiteElo "2558"]
[BlackElo "2658"]
[PlyCount "54"]
[EventDate "2008.09.03"]

1. d4 d5 2. Nf3 Nf6 3. c4 e6 4. Bg5 Be7 5. e3 O-O 6. Nc3 Nbd7 7. cxd5 Nxd5 8.
Bxe7 Qxe7 9. Nxd5 exd5 10. Rc1 Nf6 11. Qc2 Ne4 12. Bd3 Bf5 13. O-O c6 14. Rfe1
Rae8 15. Nd2 Qg5 16. Nxe4 Bxe4 17. Bxe4 Rxe4 18. Qa4 a6 19. Qb4 Re7 20. Qd6
Rfe8 21. b4 f5 22. g3 Re4 23. Kg2 Qh5 24. a4 f4 25. b5 axb5 26. axb5 R4e6 27.
Qc7 f3+ 0-1

[Event "61st ch-RUS HL"]
[Site "Novokuznetsk RUS"]
[Date "2008.09.05"]
[Round "3"]
[White "Vorobiov, E."]
[Black "Sakaev, K."]
[Result "1/2-1/2"]
[WhiteElo "2550"]
[BlackElo "2635"]
[PlyCount "68"]
[EventDate "2008.09.03"]

1. e4 e5 2. Nc3 Nc6 3. Nf3 Nf6 4. g3 Bc5 5. Bg2 d6 6. d3 a6 7. O-O O-O 8. h3
Be6 9. Kh2 h6 10. Be3 Bxe3 11. fxe3 d5 12. exd5 Nxd5 13. Qe1 Qd7 14. Rd1 Rad8
15. a3 Nxc3 16. Qxc3 f6 17. Nh4 Bd5 18. Rd2 Kh7 19. Bxd5 Qxd5 20. Rdf2 Rd7 21.
Nf5 g6 22. e4 Qe6 23. Ne3 Rdf7 24. Qd2 f5 25. exf5 gxf5 26. Ng2 Ne7 27. Qe2 Ng6
28. Nf4 Nxf4 29. Rxf4 Qd6 30. R4f3 b6 31. Re1 Re8 32. Ref1 Ref8 33. Re1 Re8 34.
Ref1 Ref8 1/2-1/2

[Event "61st ch-RUS HL"]
[Site "Novokuznetsk RUS"]
[Date "2008.09.05"]
[Round "3"]
[White "Maslak, K."]
[Black "Potkin, V."]
[Result "1-0"]
[WhiteElo "2521"]
[BlackElo "2629"]
[PlyCount "47"]
[EventDate "2008.09.03"]

1. d4 d5 2. c4 c6 3. Nc3 Nf6 4. Nf3 a6 5. a4 e6 6. Bf4 Bb4 7. e3 Qa5 8. Rc1 c5
9. dxc5 Ne4 10. Bd3 Nxc3 11. bxc3 Bxc3+ 12. Ke2 dxc4 13. Bxc4 O-O 14. Qc2 Bf6
15. Bd6 Rd8 16. h4 Nc6 17. Qe4 Ne7 18. Bd3 Ng6 19. h5 Nf8 20. h6 g5 21. Nxg5
Bxg5 22. Rh5 Bf6 23. Qf4 Bh8 24. Bxh7+ 1-0

[Event "61st ch-RUS HL"]
[Site "Novokuznetsk RUS"]
[Date "2008.09.05"]
[Round "3"]
[White "Bocharov, D."]
[Black "Matlakov, M."]
[Result "1/2-1/2"]
[WhiteElo "2582"]
[BlackElo "2484"]
[PlyCount "56"]
[EventDate "2008.09.03"]

1. d4 d5 2. c4 c6 3. Nf3 Nf6 4. e3 a6 5. Nc3 b5 6. b3 Bg4 7. Bd2 e6 8. h3 Bxf3
9. Qxf3 Bb4 10. Bd3 O-O 11. O-O Nbd7 12. a3 Ba5 13. cxd5 cxd5 14. b4 Bc7 15. a4
bxa4 16. Rxa4 Bd6 17. Rb1 a5 18. bxa5 Rxa5 19. Rxa5 Qxa5 20. e4 dxe4 21. Nxe4
Qa2 22. Be3 Nxe4 23. Qxe4 Nf6 24. Qc6 Qd5 25. Qxd5 Nxd5 26. Bc4 Nxe3 27. fxe3
Rb8 28. Rxb8+ Bxb8 1/2-1/2

[Event "61st ch-RUS HL"]
[Site "Novokuznetsk RUS"]
[Date "2008.09.05"]
[Round "3"]
[White "Pokazanjev, N."]
[Black "Kokarev, Dm"]
[Result "0-1"]
[WhiteElo "2442"]
[BlackElo "2582"]
[PlyCount "38"]
[EventDate "2008.09.03"]

1. e4 c6 2. d4 d5 3. e5 c5 4. dxc5 e6 5. Nf3 Bxc5 6. Bd3 Nc6 7. O-O f6 8. exf6
Nxf6 9. c4 O-O 10. Nc3 h6 11. a3 a6 12. b4 Ba7 13. Bb2 Ng4 14. cxd5 Nce5 15.
Be4 Nxf2 16. Rxf2 Ng4 17. Qe2 Nxf2 18. Kf1 Nxe4 19. Qxe4 Qb6 0-1

[Event "61st ch-RUS HL"]
[Site "Novokuznetsk RUS"]
[Date "2008.09.05"]
[Round "3"]
[White "Kalegin, E."]
[Black "Shaposhnikov, E."]
[Result "1/2-1/2"]
[WhiteElo "2495"]
[BlackElo "2558"]
[PlyCount "123"]
[EventDate "2008.09.03"]

1. e4 c5 2. Nf3 d6 3. d4 Nf6 4. Nc3 cxd4 5. Nxd4 Nc6 6. Be2 e5 7. Nb3 Be7 8.
O-O O-O 9. f4 exf4 10. Bxf4 Be6 11. Kh1 d5 12. e5 Ne4 13. Bd3 f5 14. exf6 Nxf6
15. Nb5 Bg4 16. Be2 Qd7 17. Nc7 Rad8 18. Bxg4 Nxg4 19. Nxd5 Nxh2 20. Kxh2 Qxd5
21. Qxd5+ Rxd5 22. Bg3 Bf6 23. c3 Ne5 24. Rae1 Nd3 25. Rb1 Re8 26. Nd4 Bxd4 27.
cxd4 Rxd4 28. Rbd1 a6 29. Be1 Red8 30. Bc3 R4d5 31. a3 h6 32. Rd2 R8d7 33. Re2
Kh7 34. Re8 Nc5 35. Rfe1 Na4 36. Be5 Rd2 37. b3 Nc5 38. Re3 R2d3 39. Rxd3 Nxd3
40. Bb8 Kg6 41. Kg3 Nc5 42. b4 Kf7 43. Re3 Ne6 44. Be5 Rd2 45. a4 g5 46. Rf3+
Ke7 47. Rf2 Rd5 48. Re2 h5 49. Kf3 Rd1 50. Ke4 Rb1 51. Kd5 Kd7 52. Kc4 Rd1 53.
g3 Ke7 54. a5 Rh1 55. Kd5 Kd7 56. Rd2 h4 57. Bf6 Re1 58. gxh4 gxh4 59. Bxh4 Re2
60. Rxe2 Nf4+ 61. Kc4 Nxe2 62. b5 1/2-1/2

[Event "61st ch-RUS HL"]
[Site "Novokuznetsk RUS"]
[Date "2008.09.05"]
[Round "3"]
[White "Iskusnyh, S."]
[Black "Klimov, A."]
[Result "1-0"]
[WhiteElo "2499"]
[BlackElo "2423"]
[PlyCount "73"]
[EventDate "2008.09.03"]

1. d4 Nf6 2. c4 g6 3. Nf3 Bg7 4. g3 O-O 5. Bg2 d6 6. O-O c6 7. b3 e5 8. dxe5
dxe5 9. Ba3 Re8 10. Qxd8 Rxd8 11. Nc3 Re8 12. Rad1 Bf5 13. h3 Ne4 14. Nxe4 Bxe4
15. Ng5 Bxg2 16. Kxg2 Bf8 17. Bxf8 Rxf8 18. Rd6 a5 19. Rfd1 Na6 20. Ne4 f5 21.
Nf6+ Kg7 22. Rd7+ Kxf6 23. R1d6+ Kg5 24. Rxh7 f4 25. f3 fxg3 26. Kxg3 Nc5 27.
e4 Rxf3+ 28. Kxf3 Rf8+ 29. Ke3 Rf4 30. h4+ Kg4 31. Rxg6+ Kh3 32. h5 Rxe4+ 33.
Kd2 Rd4+ 34. Kc2 Rf4 35. h6 Rf2+ 36. Kd1 Ne4 37. Rhg7 1-0

[Event "61st ch-RUS HL"]
[Site "Novokuznetsk RUS"]
[Date "2008.09.05"]
[Round "3"]
[White "Chuprikov, D."]
[Black "Rustemov, A."]
[Result "1/2-1/2"]
[WhiteElo "2450"]
[BlackElo "2547"]
[PlyCount "29"]
[EventDate "2008.09.03"]

1. d4 d5 2. c4 dxc4 3. Nf3 e6 4. e3 a6 5. Bxc4 c5 6. O-O Nf6 7. Bb3 cxd4 8.
exd4 Be7 9. Nc3 O-O 10. a3 Nc6 11. Re1 Nd5 12. Ne4 Nf6 13. Nc3 Nd5 14. Ne4 Nf6
15. Nc3 1/2-1/2

[Event "61st ch-RUS HL"]
[Site "Novokuznetsk RUS"]
[Date "2008.09.05"]
[Round "3"]
[White "Kosov, Iv"]
[Black "Kabanov, N."]
[Result "0-1"]
[WhiteElo "2405"]
[BlackElo "2521"]
[PlyCount "196"]
[EventDate "2008.09.03"]

1. c4 g6 2. g3 Bg7 3. Bg2 c5 4. Nc3 Nc6 5. Nf3 e5 6. d3 Nge7 7. Nd2 a6 8. a4
O-O 9. Nf1 d6 10. Ne3 Rb8 11. O-O Nd4 12. Bd2 b6 13. Ned5 Nxd5 14. Nxd5 Bg4 15.
Re1 Qd7 16. Bc3 a5 17. b3 g5 18. Bxd4 cxd4 19. Qd2 Qd8 20. b4 axb4 21. Rab1 f5
22. Qxb4 f4 23. Nxb6 Kh8 24. a5 Qf6 25. Qd2 e4 26. dxe4 Be6 27. Rf1 Qd8 28. Qb4
d3 29. e3 f3 30. Bh1 g4 31. Rfd1 Qc7 32. Rxd3 Be5 33. Rdb3 Rb7 34. a6 Ra7 35.
Qb5 Qc5 36. Nd5 Rfa8 37. Rd1 Rxa6 38. Qxc5 dxc5 39. h3 h5 40. hxg4 hxg4 41. Bg2
fxg2 42. Kxg2 R8a7 43. Rb5 Rc6 44. Rh1+ Kg7 45. Rh5 Bd6 46. e5 Be7 47. Rb8 Bf7
48. Rf5 Rg6 49. e4 Bg5 50. Rc8 Be6 51. Rxc5 Bxf5 52. exf5 Rh6 53. f6+ Kg6 54.
Ne7+ Kf7 55. Nc8 Be3 56. Nd6+ Ke6 57. f7 Rh8 58. fxe3 Ra2+ 59. Kg1 Ra1+ 60. Kg2
Ra2+ 61. Kg1 Rha8 62. Ne4 Kxf7 63. Rc6 Re2 64. Rf6+ Ke7 65. Nc3 Ra1+ 66. Rf1
Rxf1+ 67. Kxf1 Rc2 68. Ne2 Rxc4 69. Nd4 Kf7 70. Ke2 Rc3 71. Kd2 Ra3 72. Ke2 Kg6
73. Kf2 Ra5 74. e6 Ra2+ 75. Kf1 Kf6 76. Kg1 Rd2 77. Kf1 Rb2 78. Kg1 Ra2 79. Kf1
Rh2 80. Kg1 Rh7 81. Kg2 Ke5 82. Kg1 Ke4 83. Kf2 Ra7 84. Kg1 Ra8 85. Kf2 Rb8 86.
Ke2 Rb2+ 87. Kf1 Ra2 88. Kg1 Ra5 89. Kf2 Kd3 90. Kg1 Re5 91. e7 Rxe7 92. Nf5
Re5 93. Nh6 Rg5 94. Nf7 Rh5 95. Kg2 Kxe3 96. Nd6 Rc5 97. Nf7 Rc2+ 98. Kg1 Kf3
0-1

[Event "61st ch-RUS HL"]
[Site "Novokuznetsk RUS"]
[Date "2008.09.06"]
[Round "4"]
[White "Lastin, A."]
[Black "Landa, K."]
[Result "1/2-1/2"]
[WhiteElo "2639"]
[BlackElo "2615"]
[PlyCount "58"]
[EventDate "2008.09.03"]

1. e4 e5 2. Nf3 Nf6 3. Nxe5 d6 4. Nf3 Nxe4 5. d4 d5 6. Bd3 Bd6 7. O-O O-O 8.
Re1 Bf5 9. c4 c6 10. Qb3 Qd7 11. cxd5 cxd5 12. Nc3 Nxc3 13. Bxf5 Qxf5 14. bxc3
Nd7 15. Qxb7 Nb6 16. Qa6 Nc4 17. Bg5 Rfb8 18. Qa4 f6 19. Bh4 Rb2 20. Bg3 Nb6
21. Qc6 Bf8 22. h3 Rc8 23. Qb7 a5 24. Nh4 Qd7 25. Qxd7 Nxd7 26. Rab1 Rb6 27.
Nf5 Rxc3 28. Ne3 Rd3 29. Rbc1 Rxd4 1/2-1/2

[Event "61st ch-RUS HL"]
[Site "Novokuznetsk RUS"]
[Date "2008.09.06"]
[Round "4"]
[White "Nepomniachtchi, I."]
[Black "Volkov, Sergey1"]
[Result "1-0"]
[WhiteElo "2602"]
[BlackElo "2636"]
[PlyCount "93"]
[EventDate "2008.09.03"]

1. e4 e6 2. d4 d5 3. Nc3 Nf6 4. e5 Nfd7 5. Nf3 c5 6. dxc5 Nc6 7. Bf4 Bxc5 8.
Bd3 a6 9. Qd2 b5 10. h4 Qb6 11. Kf1 f6 12. exf6 Nxf6 13. Re1 O-O 14. h5 Ra7 15.
Rh4 Re7 16. h6 g6 17. a3 Nh5 18. Rxh5 gxh5 19. b4 Bxf2 20. Bd6 Bh4 21. Bxe7
Bxe7 22. Ke2 Qc7 23. Rh1 Qg3 24. Kd1 h4 25. Ne2 Qg4 26. Qe3 Bd7 27. Qb6 e5 28.
Nh2 Qe6 29. Qxa6 Qxh6 30. Bxb5 e4 31. Rf1 Rxf1+ 32. Nxf1 Bg5 33. Qa8+ Kf7 34.
Qb7 Ke8 35. c3 Qf6 36. Nd2 Kd8 37. Nb3 e3 38. Kc2 Qg6+ 39. Kb2 Qd6 40. Nc5 Be8
41. Nd4 Nxd4 42. Qa8+ Ke7 43. Qxe8+ Kf6 44. cxd4 h3 45. gxh3 Qh2+ 46. Kb3 Qh1
47. Qf8+ 1-0

[Event "61st ch-RUS HL"]
[Site "Novokuznetsk RUS"]
[Date "2008.09.06"]
[Round "4"]
[White "Riazantsev, A."]
[Black "Vitiugov, N."]
[Result "1/2-1/2"]
[WhiteElo "2617"]
[BlackElo "2616"]
[PlyCount "49"]
[EventDate "2008.09.03"]

1. d4 Nf6 2. c4 e6 3. Nf3 d5 4. Nc3 Bb4 5. cxd5 exd5 6. Bg5 Nbd7 7. Rc1 O-O 8.
a3 Bxc3+ 9. Rxc3 h6 10. Bxf6 Nxf6 11. e3 Ne4 12. Rc1 c6 13. Bd3 Bg4 14. Qc2
Bxf3 15. gxf3 Nd6 16. O-O f5 17. Kh1 Qd7 18. f4 Rf6 19. Rg1 Kh7 20. Rg3 Re8 21.
Rcg1 Re7 22. Qd1 Qe8 23. Qc2 Qd7 24. Qd1 Qe8 25. Qc2 1/2-1/2